000 00586cam a22002293a 4500
001 22214
003 PGUSA
005 20140828083455.0
008 070801s2007||||xxu|||||s|||||000 1 eng d
040 _aPGUSA
_beng
042 _adc
050 4 _aPR
100 1 _aDuchess,
_d-1897
245 1 0 _aMolly Bawn
_h[electronic resource] /
_cDuchess
260 _bProject Gutenberg,
_c2007
506 _aPublic domain in the USA.
516 _aElectronic text
653 _aFiction
830 0 _aProject Gutenberg
_v22214
856 4 0 _uhttp://www.gutenberg.org/ebooks/22214
942 _cEB
999 _c251469
_d251469